000 00509nam a2200193Ia 4500
005 20240823031859.0
008 240823s9999||||xx |||||||||||||| ||und||
020 _a978-1-12-385073-7
041 _aENGLISH
082 _A621.4021 Q2
100 _aRobert T Balmer
245 0 _aThermodynamics Tables to accompany Modern Engineering Thermodynamics
250 _a1st
260 _c2012
_b"Acadamic Pub,Calcutta"
500 _aYES
650 _aThermodynamics
_bMechanical
942 _cBK
999 _c192121
_d192121